[Event "ch-LAT 2017"]
[Site "Riga LAT"]
[Date "2017.05.05"]
[Round "8.4"]
[White "Semjonovs,Ilja"]
[Black "Miezis,N"]
[Result "0-1"]
[WhiteElo "2122"]
[BlackElo "2468"]

1.e4 c5 2.Nf3 e6 3.d4 cxd4 4.Nxd4 a6 5.Be2 Bc5 6.O-O d6 7.Nb3 Ba7 8.c4 Nc6
9.Nc3 h5 10.Kh1 Nf6 11.Bg5 Qc7 12.Rc1 Ng4 13.Bxg4 hxg4 14.Bf4 e5 15.Bg3 Be6
16.Nd5 Qd8 17.f4 gxf3 18.Qxf3 Nd4 19.Nxd4 Bxd4 20.Bf2 Bxf2 21.Qxf2 Rc8 22.Qf3
Qg5 23.Qd3 b5 24.b3 Qh4 25.h3 bxc4 26.bxc4 O-O 27.Kg1 Rc5 28.Ne3 Rfc8 29.Qxd6
Qxe4 30.Rfe1 R5c6 31.Qa3 Rd8 32.Qa5 Rd3 33.Nd5 Qd4+ 34.Kh2 Bxd5 35.Qxd5 Qf4+
{#R} 0-1

[Event "ch-LAT 2017"]
[Site "Riga LAT"]
[Date "2017.05.05"]
[Round "8.7"]
[White "Osis,R"]
[Black "Berzinsh,R"]
[Result "0-1"]
[WhiteElo "2161"]
[BlackElo "2428"]

1.d4 d5 2.Nf3 Nf6 3.Bf4 c5 4.c3 Nc6 5.dxc5 e6 6.b4 a5 7.Nd4 axb4 8.Nxc6 bxc6
9.cxb4 Ng4 10.Qd4 Be7 11.Qb2 f5 12.h3 Bf6 13.Nc3 d4 14.Rd1 e5 15.Bc1 Nh6 16.e3
Be6 17.a3 Qe7 18.Nb1 O-O 19.exd4 exd4 20.Kd2 Nf7 21.Re1 d3 22.Nc3 Rad8 23.Kd1
Ne5 24.Bd2 Rfe8 25.f4 Nc4 26.Qc1 Qa7 27.Rg1 Nxa3 28.g4 Bb3+ {#R} 0-1

[Event "ch-LAT 2017"]
[Site "Riga LAT"]
[Date "2017.05.05"]
[Round "8.8"]
[White "Jankovskis,G"]
[Black "Mustaps,M"]
[Result "1-0"]
[WhiteElo "2266"]
[BlackElo "2302"]

1.d4 Nf6 2.c4 g6 3.Nc3 Bg7 4.Bg5 d6 5.e3 O-O 6.Nf3 Nbd7 7.Be2 c6 8.Nd2 a6
9.O-O e6 10.Qc2 Qe7 11.Rfd1 b6 12.Rab1 c5 13.dxc5 dxc5 14.Nde4 h6 15.Bh4 Ne5
16.f4 Nc6 17.Bf3 Bb7 18.Bxf6 Bxf6 19.Rd7 Rad8 {#r} 1-0

[Event "ch-LAT 2017"]
[Site "Riga LAT"]
[Date "2017.05.05"]
[Round "8.9"]
[White "Starostits,I"]
[Black "Mierins,Eriks"]
[Result "1-0"]
[WhiteElo "2409"]
[BlackElo "2150"]

1.d4 d5 2.c4 c6 3.Nf3 Nf6 4.e3 e6 5.b3 Bd6 6.Bd3 Nbd7 7.Bb2 O-O 8.O-O Re8
9.Ne5 Qc7 10.f4 Ne4 11.Bxe4 dxe4 12.Nd2 f5 13.g4 Nxe5 14.fxe5 Bf8 15.Qe2 Bd7
16.Rad1 Rad8 17.Qf2 Bc8 18.Qg3 g6 19.Rf2 b6 20.h4 Re7 21.Rdf1 Rg7 22.Kh1 h5
23.g5 Bb7 24.Kh2 Rgd7 25.Nxe4 fxe4 26.Rf6 Bg7 27.Rxg6 Rf7 28.Rff6 Kh7 29.Rh6+
Bxh6 30.g6+ Kh8 31.gxf7 Bg7 32.Qg6 {#r} 1-0

[Event "ch-LAT 2017"]
[Site "Riga LAT"]
[Date "2017.05.05"]
[Round "8.12"]
[White "Jazdanovs,Aleksandrs"]
[Black "Smilga,K"]
[Result "1-0"]
[WhiteElo "2010"]
[BlackElo "2131"]

1.e4 c5 2.Nf3 e6 3.d4 cxd4 4.Nxd4 a6 5.Nc3 Qc7 6.g3 Nc6 7.Bg2 Nf6 8.O-O d6
9.Be3 Bd7 10.Qe2 Be7 11.Rad1 Ne5 12.Bc1 Rc8 13.f4 Nc6 14.Nb3 O-O 15.g4 Ne8
16.Kh1 b5 17.a3 Bf6 18.Rd3 b4 19.g5 bxc3 20.gxf6 Nxf6 21.Rxc3 Qb6 22.Be3 Qb5
23.Qxb5 axb5 24.Rd1 b4 25.axb4 Nxb4 26.Rxd6 Bc6 27.Bc5 Rfd8 28.Bxb4 Nxe4
29.Bxe4 Bxe4+ 30.Kg1 Rb8 31.Na5 Re8 32.Ba3 h5 33.Rc7 Rb5 34.Nc6 g5 35.c4 Rb3
36.fxg5 Kg7 37.Ne5 Bg6 38.Rdd7 Ra8 39.Nxg6 Kxg6 40.Rxf7 Rd8 41.Rcd7 Rg8 42.h4
Rh3 43.Rf6# 1-0

[Event "ch-LAT 2017"]
[Site "Riga LAT"]
[Date "2017.05.05"]
[Round "8.13"]
[White "Avotins,Maigonis"]
[Black "Pavlovs,S"]
[Result "1-0"]
[WhiteElo "1972"]
[BlackElo "2077"]

1.e4 d5 2.exd5 Qxd5 3.Nc3 Qa5 4.d4 Nf6 5.Be2 Nc6 6.Nf3 Bg4 7.Bd2 O-O-O 8.Ng5
Be6 9.Nxe6 fxe6 10.Nb5 Qb6 11.c3 a6 12.Na3 e5 13.Nc4 Qa7 14.Bg4+ Kb8 15.Nxe5
Nxe5 16.dxe5 Ne4 17.Be3 Rxd1+ 18.Rxd1 b6 19.Rd8+ Kb7 20.Bf3 Kc6 21.Bxe4+ Kb5
22.Ra8 {#r} 1-0

[Event "ch-LAT 2017"]
[Site "Riga LAT"]
[Date "2017.05.05"]
[Round "8.16"]
[White "Polyakov,Fedor"]
[Black "Daudzvardis,J"]
[Result "1-0"]
[WhiteElo "2086"]
[BlackElo "2114"]

1.d4 c5 2.d5 e5 3.c4 d6 4.Nc3 Be7 5.e4 Bg5 6.Bd3 g6 7.Nge2 Kf8 8.O-O Kg7 9.f4
exf4 10.Bxf4 Bxf4 11.Nxf4 Nd7 12.Be2 Ne5 13.b3 h5 14.Nd3 Qe7 15.Qd2 Bd7 16.Rf2
Nh6 17.Nxe5 Qxe5 18.Raf1 Rae8 19.Bf3 Re7 20.Nd1 b5 21.Qb2 Rb8 22.Qxe5+ Rxe5
23.Nb2 Re7 24.Nd3 f6 25.g3 a5 26.Bg2 Ng8 27.Nb2 a4 28.cxb5 axb3 29.a4 f5
30.Nc4 fxe4 31.Nxd6 Ra8 32.Nxe4 Rxa4 33.Nxc5 Rb4 34.d6 Bxb5 35.dxe7 Nxe7
36.Rf7+ Kh6 37.Rb1 {#r} 1-0

[Event "Nakhchivan Open 2017"]
[Site "Nakhchivan AZE"]
[Date "2017.05.05"]
[Round "3.4"]
[White "Kazimova,N"]
[Black "Khenkin,I"]
[Result "0-1"]
[WhiteElo "2282"]
[BlackElo "2568"]

1.c4 c6 2.e4 d5 3.exd5 Nf6 4.Nf3 cxd5 5.d4 g6 6.Nc3 Bg7 7.cxd5 Nxd5 8.Qb3 Nxc3
9.bxc3 Nc6 10.Be2 O-O 11.O-O Qc7 12.Bb2 Be6 13.Qa3 Na5 14.Rfe1 Bc4 15.Bc1 e6
16.Bf4 Qxf4 17.Qxa5 b6 18.Qb4 Bxe2 19.Rxe2 Rac8 20.a4 Qc7 21.Re3 Qc4 22.Qb2
Rfd8 23.a5 b5 24.a6 Rb8 25.Ne5 Bxe5 26.dxe5 Rd5 27.h3 Rbd8 28.Qe2 Qxe2 29.Rxe2
Rc8 30.Ra3 Rcc5 31.f4 Rc4 32.Rf2 Rdc5 33.Rd2 Rxf4 34.Rd4 Rxd4 35.cxd4 Rd5
36.Rd3 b4 37.Kf2 h5 38.h4 Kf8 39.Rd2 b3 40.Ke3 Rb5 41.Rb2 Ke7 42.Kf4 Kd7
43.Kg5 Kc6 44.Kf6 Kd5 45.Kxf7 Kxd4 46.Kf6 Kc3 47.Rb1 b2 48.Kxe6 Kc2 {#R} 0-1

[Event "Nakhchivan Open 2017"]
[Site "Nakhchivan AZE"]
[Date "2017.05.05"]
[Round "3.9"]
[White "Safarli,E"]
[Black "Tutisani,Noe"]
[Result "1-0"]
[WhiteElo "2668"]
[BlackElo "2347"]

1.e4 c5 2.Nc3 Nc6 3.Nf3 g6 4.Bb5 Bg7 5.O-O d6 6.e5 dxe5 7.Bxc6+ bxc6 8.Re1 Qc7
9.d3 Rb8 10.Rb1 Bg4 11.h3 Bxf3 12.Qxf3 Nf6 13.Be3 Nd7 14.Ne4 c4 15.dxc4 O-O
16.b4 f5 17.Nc5 e4 18.Qe2 Nxc5 19.Bxc5 a5 20.a3 axb4 21.axb4 Rb7 22.Rb3 Be5
23.f3 Bh2+ 24.Kh1 Bg3 25.Rf1 Bd6 26.Bxd6 exd6 27.fxe4 Re8 28.Re3 Qe7 29.Qd2
fxe4 30.Rfe1 Rd7 31.b5 Qf6 32.bxc6 Rde7 33.Qd5+ Qf7 34.Rf1 Qe6 35.Rf6 {#r} 1-0

[Event "Nakhchivan Open 2017"]
[Site "Nakhchivan AZE"]
[Date "2017.05.05"]
[Round "3.10"]
[White "Gasanov,E"]
[Black "Abdulla,K"]
[Result "1-0"]
[WhiteElo "2484"]
[BlackElo "2293"]

1.d4 Nf6 2.c4 e6 3.Nc3 Bb4 4.Qc2 d5 5.cxd5 Qxd5 6.e3 c5 7.Bd2 Bxc3 8.Bxc3 cxd4
9.Bxd4 Nc6 10.Bxf6 gxf6 11.Ne2 Bd7 12.a3 Rc8 13.Nc3 Qe5 14.Be2 Ne7 15.Bf3 Bc6
16.Bxc6+ Rxc6 17.Qb3 Rg8 18.O-O Qf5 19.Rfd1 Qf3 20.g3 Nf5 21.Qxb7 Nh4 22.Qb8+
Ke7 23.Qb4+ Ke8 24.Qxh4 {#r} 1-0

[Event "11th Agzamov Mem 2017"]
[Site "Tashkent UZB"]
[Date "2017.05.05"]
[Round "4.1"]
[White "Abdusattorov,Nodirbek"]
[Black "Bortnyk,Olexandr"]
[Result "1-0"]
[WhiteElo "2453"]
[BlackElo "2567"]

1.e4 d6 2.d4 Nf6 3.Nc3 e5 4.Nf3 Nbd7 5.Bc4 Be7 6.O-O O-O 7.Re1 a6 8.a4 b6 9.b3
Bb7 10.Bb2 c6 11.d5 Nc5 12.dxc6 Bxc6 13.Nd2 Qd7 14.Qe2 Rfb8 15.Ra2 Ne6 16.Rea1
Nf4 17.Qf1 Qg4 18.f3 Qg5 19.Kh1 N6h5 20.Qf2 Qg6 21.g3 Nh3 22.Qg2 Bd7 23.Nd5
Bd8 24.Nf1 Ng5 25.Nfe3 Nf6 26.h4 Bh3 27.Qh2 Ngxe4 28.fxe4 Qxe4+ 29.Kg1 Nxd5
30.Nxd5 b5 31.axb5 axb5 32.Bd3 Qxd5 33.Qxh3 Rxa2 34.Rxa2 e4 35.Qg4 g5 36.Qxe4
Qxe4 37.Bxe4 gxh4 38.g4 Bb6+ 39.Kg2 Re8 40.Ra8 {#r} 1-0

[Event "11th Agzamov Mem 2017"]
[Site "Tashkent UZB"]
[Date "2017.05.05"]
[Round "4.2"]
[White "Stupak,K"]
[Black "Sattarov,B"]
[Result "1-0"]
[WhiteElo "2560"]
[BlackElo "2324"]

1.d4 Nf6 2.g3 d5 3.Bg2 e6 4.c4 Be7 5.Nf3 O-O 6.O-O dxc4 7.Ne5 Nc6 8.Nxc6 bxc6
9.Na3 Bxa3 10.bxa3 Ba6 11.a4 Qe7 12.Qd2 Rab8 13.Qa5 Rb6 14.e4 Rfb8 15.a3 c3
16.Re1 c2 17.Ra2 Bd3 18.Qd2 Bc4 19.Rxc2 Bb3 20.a5 R6b7 21.Rxc6 Ba4 22.Rc3 c6
23.d5 e5 24.dxc6 Rc7 25.Rc4 Bxc6 26.Qc3 Rbc8 27.Be3 Qe6 28.Rc1 Nd7 29.h4 f6
30.Kh2 Qd6 31.Bh3 g6 {#r} 1-0

[Event "11th Agzamov Mem 2017"]
[Site "Tashkent UZB"]
[Date "2017.05.05"]
[Round "4.3"]
[White "Ali,Muhammad Lutfi"]
[Black "Kotsur,P"]
[Result "0-1"]
[WhiteElo "2423"]
[BlackElo "2552"]

1.e4 e6 2.d4 d5 3.Nd2 c5 4.exd5 Qxd5 5.Ngf3 cxd4 6.Bc4 Qd7 7.O-O Nc6 8.Nb3 Nf6
9.Nbxd4 Nxd4 10.Nxd4 a6 11.c3 Bd6 12.Qe2 Qc7 13.Nf3 Bd7 14.Re1 O-O-O 15.h3 Kb8
16.Ne5 Bc8 17.Bf4 Ne8 18.Bh2 f6 19.Ng4 h5 20.Bxd6 Nxd6 21.Ne3 g5 22.Bd3 e5
23.Rad1 e4 24.Bc2 f5 25.Nd5 Qf7 26.f3 g4 27.fxg4 fxg4 28.h4 g3 29.Qe3 Qg7
30.Bxe4 Qg4 31.Bf3 Qxh4 32.Rd4 Bg4 33.Kf1 Rhf8 34.Rf4 Rxf4 35.Qxf4 Qh1+ 36.Ke2
Qxg2+ {#R} 0-1

[Event "11th Agzamov Mem 2017"]
[Site "Tashkent UZB"]
[Date "2017.05.05"]
[Round "4.7"]
[White "Tillyaev,U"]
[Black "Korneev,O"]
[Result "0-1"]
[WhiteElo "2295"]
[BlackElo "2580"]

1.c4 e5 2.Nc3 Nc6 3.Nf3 Nf6 4.g3 Bb4 5.Bg2 O-O 6.O-O e4 7.Ne1 Bxc3 8.dxc3 h6
9.Nc2 d6 10.b3 Re8 11.Bf4 Bd7 12.h3 a5 13.a4 b6 14.Qd2 Qe7 15.Kh2 Rad8 16.Ne3
g5 17.Nd5 Nxd5 18.cxd5 gxf4 19.dxc6 Bxc6 20.Qxf4 Qg5 21.Qxg5+ hxg5 22.Ra2 Kg7
23.Rd1 Re5 24.Rd4 Rde8 25.e3 Rc5 26.Rc2 f5 27.Bf1 Bd5 28.c4 Bf7 29.Rcd2 Kf6
30.Bg2 Rce5 31.Kg1 R5e7 32.Kf1 Rd8 33.Rd1 Bh5 34.R1d2 Bf3 35.Bxf3 exf3 36.h4
Rh8 37.Rd1 Reh7 38.hxg5+ Kxg5 39.Ke1 Rh1+ 40.Kd2 Rxd1+ 41.Kxd1 Rh1+ 42.Kc2 Rf1
43.Rd2 Kg4 44.Kd3 Re1 45.Kc3 Kh3 46.Rd5 Kg2 47.Rxf5 Kxf2 48.g4 Ke2 49.Kd4 f2
50.g5 {#R} 0-1

[Event "11th Agzamov Mem 2017"]
[Site "Tashkent UZB"]
[Date "2017.05.05"]
[Round "4.8"]
[White "Gagunashvili,M"]
[Black "Abdisalimov,Abdimalik"]
[Result "1-0"]
[WhiteElo "2573"]
[BlackElo "2300"]

1.d4 f5 2.g3 Nf6 3.Bg2 g6 4.Nf3 Bg7 5.O-O O-O 6.c4 d6 7.Nc3 Nc6 8.d5 Na5 9.Nd2
c5 10.Qc2 e5 11.dxe6 Bxe6 12.Rd1 Qe7 13.b3 a6 14.Bb2 Rab8 15.Nf3 b5 16.cxb5
axb5 17.Ng5 b4 18.Nxe6 Qxe6 19.Nd5 Ne4 20.Bxg7 Kxg7 21.Qd3 Nf6 22.Ne3 {#r} 1-0

[Event "Asian Juniors 2017"]
[Site "Shiraz IRI"]
[Date "2017.05.05"]
[Round "4.3"]
[White "Mousavi,Se"]
[Black "Tran Tuan Minh"]
[Result "0-1"]
[WhiteElo "2435"]
[BlackElo "2537"]

1.Nf3 Nf6 2.c4 b6 3.g3 Bb7 4.Bg2 e6 5.O-O Be7 6.d4 O-O 7.d5 exd5 8.Nh4 c6
9.cxd5 Nxd5 10.Nf5 Nc7 11.Nc3 d5 12.e4 Bf6 13.exd5 cxd5 14.Bf4 Nba6 15.Re1 Qd7
16.Qg4 Bc8 17.Nh6+ Kh8 18.Qf3 Bb7 19.Ng4 Bxc3 20.bxc3 f6 21.Ne3 Nc5 22.Rad1
Rae8 23.Qh5 N7e6 24.Bxd5 Nxf4 25.gxf4 g6 26.Qf3 Bxd5 27.Nxd5 Rxe1+ 28.Rxe1 Rf7
29.c4 Kg7 30.Re3 Nb7 31.Rd3 Qf5 32.Qe2 Nd6 33.Rd4 Qc8 34.Ne3 Nf5 35.Nxf5+ Qxf5
36.Qe8 Qb1+ 37.Kg2 Qxa2 38.f5 Qc2 39.Rf4 g5 40.Re4 Qd3 41.Qa8 Qd7 42.Re8 Qxf5
43.h3 Qd7 44.Rb8 Qc7 45.h4 Qxc4 46.hxg5 fxg5 47.Rg8+ Kh6 48.Kg1 Qg4+ 49.Kf1
Qf3 {#R} 0-1

[Event "Asian Juniors 2017"]
[Site "Shiraz IRI"]
[Date "2017.05.05"]
[Round "4.5"]
[White "Tran,Minh Thang"]
[Black "Kumar,G"]
[Result "1-0"]
[WhiteElo "2409"]
[BlackElo "2176"]

1.d4 Nf6 2.c4 e6 3.Nc3 Bb4 4.e3 O-O 5.Ne2 Re8 6.a3 Bf8 7.Ng3 d5 8.cxd5 exd5
9.Bd3 a5 10.O-O Na6 11.b3 c6 12.Bb2 Nc7 13.Qc2 g6 14.Rfe1 h5 15.f3 h4 16.Nf1
Nh5 17.Qf2 Ne6 18.Rad1 Neg7 19.Bc2 b5 20.Ne2 Bf5 21.Nc1 Bxc2 22.Qxc2 Rc8
23.Nd3 Nf5 24.Qf2 Bg7 25.Nc5 Nd6 26.Bc3 f5 27.a4 b4 28.Bb2 g5 29.Qc2 Nf6 30.h3
g4 31.hxg4 fxg4 32.e4 gxf3 33.gxf3 Nh5 34.Bc1 Nf7 35.e5 Ng3 36.Nxg3 hxg3
37.Kg2 Ng5 38.Qg6 {#r} 1-0

[Event "Asian Juniors 2017"]
[Site "Shiraz IRI"]
[Date "2017.05.05"]
[Round "4.6"]
[White "Hamidi,Amir Mohammad"]
[Black "Tahbaz,Arash"]
[Result "0-1"]
[WhiteElo "2187"]
[BlackElo "2409"]

1.d4 Nf6 2.Nf3 g6 3.g3 Bg7 4.Bg2 O-O 5.O-O d6 6.b3 e5 7.dxe5 dxe5 8.Ba3 Re8
9.Bb2 e4 10.Qxd8 Rxd8 11.Ng5 Bf5 12.Na3 h6 13.Rad1 Rxd1 14.Rxd1 hxg5 15.Rd8+
Kh7 16.Nb5 a6 17.Nxc7 Ra7 18.Rxb8 b5 19.Bxf6 Rxc7 20.Bxg7 Kxg7 21.g4 Bxg4
22.Bxe4 Bxe2 23.Rb6 a5 24.Ra6 a4 25.Kg2 axb3 26.cxb3 g4 27.f3 f5 28.Bd5 Rc2
29.Kg3 gxf3 30.Ra7+ Kh6 31.Bg8 f2 {#R} 0-1

[Event "Asian Juniors Girls 2017"]
[Site "Shiraz IRI"]
[Date "2017.05.05"]
[Round "4.3"]
[White "Alinasab,Mobina"]
[Black "Priyamvada,K"]
[Result "1-0"]
[WhiteElo "2226"]
[BlackElo "1728"]

1.e4 c5 2.Nf3 e6 3.d4 cxd4 4.Nxd4 Nc6 5.Nc3 Qc7 6.g3 a6 7.Bg2 Nf6 8.O-O Be7
9.Re1 O-O 10.Nxc6 dxc6 11.e5 Nd5 12.Qf3 b5 13.h4 Nxc3 14.Qxc3 Bb7 15.Qf3 Rab8
16.Qg4 Rfd8 17.h5 c5 18.Bh6 g6 19.hxg6 hxg6 20.Qh3 Bxg2 21.Kxg2 Bf8 22.Bxf8
Qb7+ 23.f3 Rd2+ 24.Kg1 Rxf8 25.Re4 Rd4 26.Kf2 f5 27.exf6 Rxf6 28.Rh1 Qg7
29.Rxe6 Rd2+ 30.Ke1 Rd6 31.Rxd6 Qe7+ 32.Kf2 Qxd6 33.Qh8+ Kf7 34.Rh7+ Ke6
35.Qe8+ Kf5 36.Qe4+ {#r} 1-0

[Event "ch-CAT 2017"]
[Site "Vilanova i la Geltru ESP"]
[Date "2017.05.05"]
[Round "4.1"]
[White "Asis Gargatagli,H"]
[Black "Narciso Dublan,M"]
[Result "1-0"]
[WhiteElo "2505"]
[BlackElo "2508"]

1.e4 e6 2.d4 d5 3.Nd2 dxe4 4.Nxe4 Bd7 5.c4 Nf6 6.Nc3 c5 7.d5 Bd6 8.Nf3 O-O
9.Be2 exd5 10.cxd5 h6 11.O-O Na6 12.Nd2 Be5 13.Nc4 Bd4 14.Bf3 b5 15.Ne3 Qb6
16.a4 Bxc3 17.bxc3 bxa4 18.Nc4 Qb5 19.Ne5 c4 20.Nxd7 Qxd7 21.Rxa4 Qb5 22.Be3
Rad8 23.Qa1 Nc7 24.Rb1 Qd7 25.Rxa7 Ra8 26.Rd1 Rxa7 27.Qxa7 Rd8 28.Qc5 Ncxd5
29.Qxc4 Qe6 30.h3 Rd7 31.Bd4 Rc7 32.Qd3 Qc8 33.Be5 Re7 34.Qd4 Qf5 35.Bd6 Rd7
36.Bxd5 Rxd6 37.Bxf7+ Kxf7 38.Qxd6 Qc2 39.Qd3 Qa4 40.c4 Qc6 41.Qd4 Kg6 42.c5
Ne4 43.f3 {#r} 1-0

[Event "Mateu Chalmeta Mem 2017"]
[Site "Sant Boi ESP"]
[Date "2017.05.05"]
[Round "3.1"]
[White "Morros Faura,R"]
[Black "Ryan,Jo"]
[Result "0-1"]
[WhiteElo "2256"]
[BlackElo "2258"]

1.e4 c6 2.d4 d5 3.e5 Bf5 4.Nc3 a6 5.g4 Bd7 6.Be3 e6 7.f4 c5 8.Nf3 cxd4 9.Nxd4
Nc6 10.Nce2 Nge7 11.Bg2 Ng6 12.O-O h5 13.gxh5 Nh4 14.Bh1 Bc5 15.c3 Rxh5 16.Ng3
Rh8 17.Rf2 Bxd4 18.Bxd4 Ne7 19.Rd2 Rc8 20.Qb3 b5 21.Qd1 Nef5 22.Bf2 Rc4 23.Ne2
g5 24.h3 Rc8 25.a4 gxf4 26.axb5 Qg5+ 27.Kf1 Bxb5 28.c4 dxc4 29.Nc3 Ne3+
30.Bxe3 fxe3 31.Rg2 Qf5+ 32.Kg1 Bc6 33.Qc2 Nf3+ 34.Kf1 Nd2+ {#R} 0-1

[Event "Mateu Chalmeta Mem 2017"]
[Site "Sant Boi ESP"]
[Date "2017.05.05"]
[Round "3.4"]
[White "Ros Alonso,Jaume"]
[Black "Quirhuayo Chumbe,German Gonzalo"]
[Result "0-1"]
[WhiteElo "2211"]
[BlackElo "2291"]

1.e4 c5 2.Nf3 d6 3.d4 cxd4 4.Nxd4 Nf6 5.Nc3 a6 6.Be3 Ng4 7.Bg5 h6 8.Bh4 g5
9.Bg3 Bg7 10.h3 Ne5 11.Nf5 Bxf5 12.exf5 Nbc6 13.Nd5 O-O 14.c3 e6 15.fxe6 fxe6
16.Ne3 d5 17.Qb3 Qa5 18.O-O-O b5 19.Kb1 b4 20.Bxe5 Bxe5 21.Nxd5 bxc3 22.Ne7+
Nxe7 23.Qxe6+ Kg7 24.Qxe7+ Rf7 25.Qe6 Rb8 26.Bc4 c2+ {#R} 0-1

[Event "TCh-POL Ekstraliga 2017"]
[Site "Gorzow Wielkopolski POL"]
[Date "2017.05.05"]
[Round "1.3"]
[White "Bobras,P"]
[Black "Kriebel,T"]
[Result "0-1"]
[WhiteElo "2529"]
[BlackElo "2473"]

1.e4 e5 2.Nf3 Nc6 3.Bb5 a6 4.Ba4 Nf6 5.O-O b5 6.Bb3 Bb7 7.c3 Nxe4 8.d4 exd4
9.Re1 d5 10.Ng5 Qd7 11.Nd2 O-O-O 12.Ndxe4 h6 13.Nxf7 Qxf7 14.cxd4 Na5 15.Nd2
Bd6 16.Bc2 Rhf8 17.Re2 Kb8 18.a4 b4 19.b3 Bc8 20.Bb2 Nc6 21.Nf1 Ne7 22.Qd3 Nf5
23.Rae1 Nh4 24.Ng3 Ka7 25.f3 g5 26.Qh7 Qxh7 27.Bxh7 g4 28.fxg4 Bxg4 29.Rf2
Rxf2 30.Kxf2 c5 31.h3 Rf8+ 32.Kg1 Bxg3 33.Re7+ Kb6 34.dxc5+ Kc6 35.hxg4 Rf2
36.Be5 Rxg2+ 37.Kf1 Rf2+ 38.Ke1 Nf3+ {#R} 0-1

[Event "TCh-POL Ekstraliga 2017"]
[Site "Gorzow Wielkopolski POL"]
[Date "2017.05.05"]
[Round "1.5"]
[White "Dubinski,M"]
[Black "Grela,K"]
[Result "0-1"]
[WhiteElo "2275"]
[BlackElo "2312"]

1.c4 e5 2.Nc3 Nf6 3.g3 d5 4.cxd5 Nxd5 5.Bg2 Nb6 6.Nf3 Nc6 7.d3 Be7 8.a4 a5
9.Be3 O-O 10.Bxb6 cxb6 11.O-O Bg4 12.Nd2 Re8 13.Nc4 Bc5 14.h3 Be6 15.Ne4 Bf8
16.g4 f6 17.Rc1 Rc8 18.e3 Bb4 19.Qe2 Re7 20.Ng3 Rd7 21.Be4 g6 22.Qf3 Bc5
23.Rfd1 Rf7 24.Qg2 Kh8 25.g5 Qc7 26.gxf6 Rxf6 27.Bxc6 bxc6 28.Ne4 Bd5 29.Qg3
Bxe4 30.dxe4 Re8 31.Nxa5 Ref8 32.Nc4 Rxf2 33.Qxf2 Rxf2 34.Kxf2 Qe7 35.Ke2 Qh4
36.b4 Bxb4 37.Nxb6 Qxe4 38.Rc4 Qg2+ 39.Kd3 Ba5 40.Rc2 e4+ 41.Kd4 {#R} 0-1

[Event "TCh-POL Ekstraliga 2017"]
[Site "Gorzow Wielkopolski POL"]
[Date "2017.05.05"]
[Round "1.6"]
[White "Sliwicka,Alicja"]
[Black "Szczepkowska Horowska,K"]
[Result "0-1"]
[WhiteElo "2178"]
[BlackElo "2408"]

1.e4 e5 2.Nf3 Nc6 3.d4 exd4 4.Nxd4 Bc5 5.Nb3 Bb6 6.a4 a6 7.Nc3 Nf6 8.Bg5 d6
9.Be2 h6 10.Bh4 g5 11.Bg3 Be6 12.h4 g4 13.Nd5 Bxd5 14.exd5 Ne5 15.c4 Qe7
16.Qc2 Nh5 17.O-O-O Nxg3 18.fxg3 O-O-O 19.a5 Ba7 20.Nd4 Kb8 21.Nf5 Qd7 22.Rhf1
Bc5 23.b3 Bb4 24.Qa2 Qe8 25.Ng7 Qd7 26.Nh5 Qe7 27.Qa4 c5 28.Qa2 Nd7 29.Rd3 Qe4
30.Rf4 Qxg2 31.Qc2 Rhe8 32.Bxg4 Qg1+ 33.Rd1 Qe3+ 34.Kb1 Ne5 35.Bf5 Nf3 36.Rd3
Qg1+ 37.Rd1 Re1 38.Rxe1 Qxe1+ 39.Ka2 Nd4 40.Rxd4 cxd4 41.Bd3 Re8 42.Nf6 Bc3
43.b4 Re3 {#R} 0-1

[Event "TCh-POL Ekstraliga 2017"]
[Site "Gorzow Wielkopolski POL"]
[Date "2017.05.05"]
[Round "1.2"]
[White "Areshchenko,A"]
[Black "Czakon,J"]
[Result "1-0"]
[WhiteElo "2677"]
[BlackElo "2479"]

1.e4 c5 2.Nf3 d6 3.Bb5+ Bd7 4.Bxd7+ Qxd7 5.c4 Nc6 6.d4 cxd4 7.Nxd4 g6 8.Nc3
Bg7 9.Be3 Nf6 10.f3 Nxd4 11.Bxd4 O-O 12.O-O Rfc8 13.b3 Qd8 14.f4 Nd7 15.Bxg7
Kxg7 16.Kh1 Rc6 17.Rf3 a6 18.Qd2 Rac8 19.Raf1 Nf6 20.a4 Qa5 21.Qb2 Kg8 22.Nd5
Qd8 23.f5 g5 24.Qd2 h6 25.h4 Nxe4 26.Qe3 g4 27.Rf4 Nf6 28.Nxe7+ Kg7 29.Nxc8
Qxc8 30.Qd4 h5 31.Re1 Qc7 32.Rff1 Rc5 33.Qf4 Kh7 34.Re2 Qd8 35.Rfe1 Rc7 36.Qg5
Rd7 37.a5 Kh8 38.Re7 {#r} 1-0

[Event "TCh-POL Ekstraliga 2017"]
[Site "Gorzow Wielkopolski POL"]
[Date "2017.05.05"]
[Round "1.3"]
[White "Pakleza,Z"]
[Black "Gajewski,G"]
[Result "0-1"]
[WhiteElo "2480"]
[BlackElo "2634"]

1.d4 Nf6 2.c4 e6 3.Nc3 Bb4 4.Nf3 b6 5.Qb3 c5 6.a3 Ba5 7.e3 O-O 8.Bd2 d5
9.O-O-O Nc6 10.cxd5 exd5 11.Qa4 Ne7 12.b4 c4 13.Ne5 Bf5 14.f3 h5 15.h3 Bh7
16.g4 Qd6 17.Be1 Rfb8 18.Nb5 Qd8 19.Bg3 Ne8 20.Nc3 Qd6 21.Kd2 Rb7 22.Bh2 Qe6
23.f4 f6 24.f5 Nxf5 25.gxf5 Qxf5 26.Ke1 fxe5 27.Bg2 Nf6 28.Qc6 Qc2 29.Nxd5 Ne4
30.Bxe4 Bxe4 31.Rf1 Qxh2 32.Qxb7 Qg3+ 33.Rf2 Rf8 34.Ne7+ Kh8 35.Ng6+ Bxg6
36.Qg2 Qxe3+ 37.Kf1 Bd3+ 38.Kg1 Be4 39.Qh2 Rf3 40.dxe5 Rxh3 {#R} 0-1

[Event "TCh-POL Ekstraliga 2017"]
[Site "Gorzow Wielkopolski POL"]
[Date "2017.05.05"]
[Round "1.5"]
[White "Weichhold,P"]
[Black "Socko,B"]
[Result "0-1"]
[WhiteElo "2428"]
[BlackElo "2583"]

1.e4 c6 2.d4 d5 3.e5 Bf5 4.Nd2 e6 5.Nb3 c5 6.dxc5 Bxc5 7.Nxc5 Qa5+ 8.c3 Qxc5
9.Nf3 Qc7 10.Bd3 Bxd3 11.Qxd3 Nc6 12.O-O Nge7 13.Bf4 h6 14.Rae1 g5 15.Bd2 Ng6
16.h3 O-O-O 17.Qe3 Kb8 18.g3 Rhg8 19.Kh2 a6 20.Re2 Qa5 21.Ra1 Qb5 22.b3 Nge7
23.Ree1 d4 24.Qe4 dxc3 25.Bxc3 Qc5 26.Qe3 Qxe3 27.fxe3 Rd3 28.Bb2 g4 29.hxg4
Rxg4 30.Rad1 Rxd1 31.Rxd1 Nf5 32.Rd7 Rxg3 33.Nd4 Rxe3 34.Nxc6+ bxc6 35.Ba3
Rxe5 36.Rxf7 Ra5 37.Bc1 Rxa2+ 38.Kh3 Rf2 {#R} 0-1

[Event "TCh-POL Ekstraliga 2017"]
[Site "Gorzow Wielkopolski POL"]
[Date "2017.05.05"]
[Round "1.6"]
[White "Socko,M"]
[Black "Jakubiec,E"]
[Result "1-0"]
[WhiteElo "2481"]
[BlackElo "2233"]

1.e4 c5 2.Nf3 a6 3.c4 e6 4.Nc3 Ne7 5.d4 cxd4 6.Nxd4 Nbc6 7.Nf3 Qc7 8.Be3 Ng6
9.Rc1 Be7 10.Be2 O-O 11.O-O Nf4 12.Re1 Nxe2+ 13.Qxe2 Qa5 14.a3 b5 15.cxb5 axb5
16.Qxb5 Qxb5 17.Nxb5 Rb8 18.a4 Ba6 19.Red1 Bf6 20.Rxd7 Ne5 21.Nxe5 Bxe5 22.b4
Bxb5 23.axb5 Rxb5 24.Bc5 Rc8 25.Rcd1 g5 26.Rd8+ Rxd8 27.Rxd8+ Kg7 28.Rd3 Bc7
29.Kf1 Bb6 30.Bxb6 Rxb6 31.Rb3 Kf6 32.Ke2 Ke5 33.Kd3 Rd6+ 34.Kc4 Rc6+ 35.Kd3
Rd6+ 36.Ke3 Rb6 37.b5 f5 38.f3 h5 39.Kd3 h4 40.exf5 exf5 {#r} 1-0

[Event "TCh-POL Ekstraliga 2017"]
[Site "Gorzow Wielkopolski POL"]
[Date "2017.05.05"]
[Round "1.4"]
[White "Flis,J"]
[Black "Kanarek,M"]
[Result "0-1"]
[WhiteElo "2269"]
[BlackElo "2519"]

1.e4 c5 2.Nf3 Nc6 3.Nc3 g6 4.d4 cxd4 5.Nxd4 Bg7 6.Nxc6 bxc6 7.Be2 d6 8.O-O Nf6
9.Be3 O-O 10.Rb1 a5 11.f4 a4 12.a3 Qa5 13.Bf3 Nd7 14.Qd2 Nb6 15.Be2 Ba6 16.Bd3
Rfb8 17.Nd1 Qxd2 18.Bxd2 d5 19.e5 c5 20.Re1 e6 21.g3 Bf8 22.Be3 d4 23.Bd2 Nc4
24.Bxc4 Bxc4 25.Kf2 Bd5 26.Rc1 c4 27.Ke2 h5 28.Kf1 Bf3 29.c3 d3 30.Ne3 Rxb2
31.Nxc4 Ra2 32.Ra1 Rc2 33.Rec1 Rxc1+ 34.Rxc1 Bc5 35.Ra1 Rb8 36.Ke1 Rb3 37.Rc1
Bd5 38.Be3 Bxc4 39.Bxc5 Rb2 40.Rd1 Re2+ 41.Kf1 d2 {#R} 0-1

[Event "TCh-POL Ekstraliga 2017"]
[Site "Gorzow Wielkopolski POL"]
[Date "2017.05.05"]
[Round "1.6"]
[White "Lach,A"]
[Black "Wisniowska,K"]
[Result "1-0"]
[WhiteElo "2224"]
[BlackElo "2157"]

1.Nf3 c5 2.c4 Nc6 3.d4 cxd4 4.Nxd4 g6 5.e4 Bg7 6.Nc2 d6 7.Be2 Nf6 8.Nc3 O-O
9.O-O a5 10.Be3 Nd7 11.Rb1 Nc5 12.f3 Be6 13.Kh1 Ne5 14.Na3 Kh8 15.f4 Nc6
16.Bf3 Qc8 17.Bxc5 dxc5 18.Na4 Qc7 19.e5 Rad8 20.Qb3 Nb4 21.Nb5 Qc8 22.Be4 Bf5
23.Bxf5 gxf5 24.Rbd1 Bh6 25.a3 Na6 26.Nb6 Rxd1 27.Qxd1 Qe6 28.Nd5 Rg8 29.Qh5
Bf8 30.Ne3 Qg6 31.Qxf5 Bh6 32.Qxg6 hxg6 33.Nd5 e6 34.Nf6 Rd8 35.Nd6 Kg7 36.Ng4
Rf8 37.Nf6 Rb8 38.g4 g5 39.Nh5+ Kg6 40.f5+ exf5 41.Rxf5 Bf8 42.Rf6+ Kh7
43.Nxf7 Nc7 44.Nxg5+ Kh8 45.Rf7 {#r} 1-0